Pensejarahan Malaysia

Bibliographic Details
Main Author: Syed Ismail Syed Mustapa
Format: Book
Published: Selangor : Tiga Rose Trading , 2016
Subjects:

MARC

LEADER 00000cam a2200000 7i4500
001 0000078424
005 20180206.0
008 180205
020 |a 9789835982583 
041 0 |a Malay 
090 0 0 |a 959.5   |b SYE 
100 0 |a Syed Ismail Syed Mustapa 
245 1 0 |a Pensejarahan Malaysia   |c Dr. Syed Ismail Syed Mustapa & Meor Aris Meor Hamzah 
260 |a Selangor :   |b Tiga Rose Trading ,   |c 2016 
300 |a 211p. :   |b 21cm 
500 |a Adult 
541 0 0 |c Purchased on 2017 
650 0 |z Malaysia   |x History 
999 |a 0001502803   |b Book   |c Adult Collection   |e Cawangan Tangkak 
999 |a 0001502804   |b Book   |c Adult Collection   |e Cawangan Kota Tinggi 
999 |a 0001502805   |b Book   |c Adult Collection   |e Cawangan Bukit Gambir 
999 |a 0001502806   |b Book   |c Adult Collection   |e Cawangan Muar 
999 |a 0001502807   |b Book   |c Adult Collection   |e Cawangan Bandar Tenggara 
999 |a 0001502808   |b Book   |c Adult Collection   |e Cawangan Segamat 
999 |a 0001502809   |b Book   |c Adult Collection   |e Cawangan Taman Sri Lambak 
999 |a 0001502810   |b Book   |c Adult Collection   |e Cawangan Pontian 
999 |a 0001502811   |b Book   |c Adult Collection   |e Cawangan Sri Merlong 
999 |a 0001502812   |b Book   |c Adult Collection   |e Cawangan Bandar Penawar 
999 |a 0001502813   |b Book   |c Adult Collection   |e Cawangan Mersing 
999 |a 0001502814   |b Book   |c Adult Collection   |e Cawangan Tmn. Ungku Tun Aminah 
999 |a 0001502815   |b Book   |c Adult Collection   |e Cawangan Batu Pahat 
999 |a 0001504807   |b Book   |c Adult Collection   |e Perbadanan Perpustakaan Awam Johor 
999 |a 0001504808   |b Book   |c Adult Collection   |e Cawangan Urban Transformation Centre 
999 |a 0001504809   |b Book   |c Adult Collection   |e Cawangan AEON Kulaijaya